00302nam a2200109Ia 4500008004000000082001500040100002300055245002900078260004200107300001300149650003000162210210b1974 xxu||||| |||| 00| 0 eng d a591.1 SIDE aSIDDIQI (Ather H). aExperimental physiology. aN DelhibOxford Publishing Co.,c1974 aviii,128 aExperimental Physiology